[Event "San Jose op"]
[Site "San Jose"]
[Date "1998.??.??"]
[Round "6"]
[White "Aznar Alvarez, Alvaro"]
[Black "Lorente, Ricardo"]
[Result "1-0"]
[WhiteElo "2020"]
[BlackElo "1685"]
[PlyCount "47"]
[EventDate "1998.??.??"]
[EventType "swiss"]
[EventRounds "9"]
[EventCountry "ESP"]
[SourceTitle "EXT 2000"]
[Source "ChessBase"]
[SourceDate "1999.11.16"]
[SourceVersion "1"]
[SourceVersionDate "1999.11.16"]
[SourceQuality "1"]

1. e4 c5 2. Nf3 e6 3. d4 cxd4 4. Nxd4 Nc6 5. Nc3 a6 6. g3 Qc7 7. Bg2 Nf6 8. 0-0 d6 9. h3 Bd7 10. Be3 b5 11. g4 Rc8 12. g5 Ng8 13. f4 Na5 14. f5 Nc4 15. fxe6 Bxe6 16. Nxe6 fxe6 17. Qf3 Qe7 18. Bd4 Nd2 19. Qh5+ g6 20. Qg4 Nxf1 21. Rxf1 Bg7 22. Bxg7 Qxg7 23. Qxe6+ Qe7 24. Qxc8+ 1-0

[Event "San Jose op"]
[Site "San Jose"]
[Date "1998.??.??"]
[Round "8"]
[White "Fuertes Garay, Javier"]
[Black "Aznar Alvarez, Alvaro"]
[Result "0-1"]
[WhiteElo "2140"]
[BlackElo "2020"]
[PlyCount "82"]
[EventDate "1998.??.??"]
[EventType "swiss"]
[EventRounds "9"]
[EventCountry "ESP"]
[SourceTitle "EXT 2000"]
[Source "ChessBase"]
[SourceDate "1999.11.16"]
[SourceVersion "1"]
[SourceVersionDate "1999.11.16"]
[SourceQuality "1"]

1. e4 c5 2. Nf3 e6 3. d4 cxd4 4. Nxd4 Nc6 5. Nc3 Qc7 6. Be2 a6 7. 0-0 Nf6 8. a3 Bd6 9. f4 Nxd4 10. Bd3 Bc5 11. Kh1 h5 12. e5 Ng4 13. h3 b5 14. Ne4 Nf5 15. Qe1 Bb7 16. Bd2 Bxe4 17. Bxe4 Rc8 18. Rf3 Nf2+ 19. Kh2 Ng4+ 20. Kh1 Nf2+ 21. Kh2 Nxe4 22. Qxe4 Qc6 23. Qe1 Bd4 24. c3 Bb6 25. Rd1 h4 26. Rd3 Rh6 27. Qf1 Rg6 28. Bc1 Ng3 29. Qe1 Ne4 30. Qf1 Nf2 31. Rd6 Qb7 32. Rxd7 Qxd7 33. Rxd7 Kxd7 34. a4 Ke7 35. axb5 Rd8 36. g4 hxg3+ 37. Kg2 Rd1 38. Qc4 Nxh3 39. Qb4+ Ke8 40. bxa6 Rg1+ 41. Kxh3 g2 0-1

[Event "San Jose op"]
[Site "San Jose"]
[Date "1998.??.??"]
[Round "3"]
[White "Nasarre Abizanda, Tomas"]
[Black "Aznar Alvarez, Alvaro"]
[Result "1/2-1/2"]
[WhiteElo "1790"]
[BlackElo "2020"]
[PlyCount "35"]
[EventDate "1998.??.??"]
[EventType "swiss"]
[EventRounds "9"]
[EventCountry "ESP"]
[SourceTitle "EXT 2000"]
[Source "ChessBase"]
[SourceDate "1999.11.16"]
[SourceVersion "1"]
[SourceVersionDate "1999.11.16"]
[SourceQuality "1"]

1. e4 c5 2. Nc3 Nc6 3. f4 e6 4. Nf3 Nge7 5. Bc4 d5 6. exd5 exd5 7. Bb3 c4 8. Ba4 a6 9. Bxc6+ Nxc6 10. 0-0 Bc5+ 11. Kh1 0-0 12. d4 cxd3 13. cxd3 Re8 14. Bd2 Bf5 15. Be1 d4 16. Ne2 Qe7 17. Ng3 Bg4 18. h3 1/2-1/2